| 000 | 00807nam a22002537a 4500 | ||
|---|---|---|---|
| 001 | 00800 | ||
| 003 | DO-SdBNP | ||
| 005 | 20180213133318.0 | ||
| 007 | 00800 | ||
| 008 | 160722b 2001 xxu ||||| |||| 00| 0 spa d | ||
| 020 | _a9780311400386 | ||
| 040 |
_aBPMSU _bspa _cBPMSU |
||
| 092 |
_axxxxxxxxx _bxxxxxxxx |
||
| 100 | 1 | _aLimardo, Miguel | |
| 245 | 1 |
_aLuces encendida : _buna porción para cada día, como el pan en el padre nuestro / _cMiguel Limardo ; prólogo Mercedes Ortíz de Martínez |
|
| 250 | _a11a ed. | ||
| 260 |
_aEstados Unidos : _bMundo hispanp, _c2001. |
||
| 300 |
_a180 p. : _c18 cm. |
||
| 500 | _aUn devocionario para cada día | ||
| 700 | 1 |
_aOrtíz Martínez, Mercedes de, _epról. |
|
| 942 |
_2ddc _cBK |
||
| 945 | _ainventariado, 2018 / dg | ||
| 956 |
_aBTAVÁREZ _b10 _c20162207 _d00800 |
||
| 999 |
_c11015 _d11015 |
||